Ezeiza, la masacre /
Guardado en:
| Autor Principal: | |
|---|---|
| Formato: | |
| Series: | Documenta
|
| Materias: | |
| Etiquetas: |
Agregar Etiqueta
Sin Etiquetas, Sea el primero en etiquetar este registro!
|
| LEADER | 01045ngm a22002895g 4500 | ||
|---|---|---|---|
| 001 | CEM.cems023015 | ||
| 008 | 130507b2012##################0###0#####d | ||
| 005 | 20241202161844.0 | ||
| 245 | 1 | 0 | |a Ezeiza, la masacre / |c Roman Lejtman. |
| 300 | |a 47'. | ||
| 490 | 0 | |a Documenta | |
| 500 | |a Consultar en ventanilla. | ||
| 505 | 0 | |a El enfrentamiento entre la derecha e izquierda peronista. Gobierno de Cámpora. La organización de la llegada de Perón. La emboscada a los sectores de la JP. La tragedia contada por los que la vivieron de manera directa. | |
| 538 | |a Soporte: DVD - Formato: AVI - Color: Si - Grabación DRD 2012 | ||
| 590 | |a Identificación SIABUC: DVD Nº 27 | ||
| 100 | 1 | |a Lejtman, Roman | |
| 082 | 9 | 8 | |/ LEJ |
| 653 | |a HISTORIA | ||
| 653 | |a HISTORIA ARGENTINA | ||
| 653 | |a PERONISMO | ||
| 653 | |a PERON | ||
| 653 | |a EZEIZA | ||
| 653 | |a DOCUMENTAL | ||
| 653 | |a SERIE DE TELEVISIÓN | ||
| 653 | |a NIVEL PRIMARIO | ||
| 653 | |a NIVEL SECUNDARIO | ||
| 859 | |a CEMS |b BIB. CEMS - Depto. Recursos Didacticos |h 982 |i LEJ |k DRD |p 1658.12 |t Ej.1 | ||
